Nhiễm khuẩn hệ thần kinh
Sách giới thiệu những kiến thức và kinh nghiệm của các tác giả về các bệnh nhiễm khuẩn thần kinh thường gặp như viêm nhiễm virut, viêm màng não, áp xe nội sọ, ...
Spremljeno u:
| Glavni autor: | |
|---|---|
| Daljnji autori: | , |
| Format: | Knjiga |
| Jezik: | Vietnamese |
| Izdano: |
H.
Y học
2005
|
| Teme: | |
| Oznake: |
Dodaj oznaku
Bez oznaka, Budi prvi tko označuje ovaj zapis!
|
| Thư viện lưu trữ: | Thư viện Trường Đại học Nam Cần Thơ |
|---|
| LEADER | 01697nam a22002657a 4500 | ||
|---|---|---|---|
| 001 | NCT_60912 | ||
| 008 | 190228b xxu||||| |||| 00| 0 vie d | ||
| 999 | |c 2953 |d 2953 | ||
| 020 | |c 24000 | ||
| 082 | 0 | 4 | |2 23rd ed. |a 616.8 |b L561 |
| 100 | 1 | |a Hồ Hữu Lương |e Chủ biên | |
| 245 | 1 | 0 | |a Nhiễm khuẩn hệ thần kinh |c Hồ Hữu Lương (chủ biên); Lê Đức Hinh, Nguyễn Hoàng Tuấn... |
| 260 | |a H. |b Y học |c 2005 | ||
| 300 | |a 199 tr. |c 21cm | ||
| 520 | 3 | |a Sách giới thiệu những kiến thức và kinh nghiệm của các tác giả về các bệnh nhiễm khuẩn thần kinh thường gặp như viêm nhiễm virut, viêm màng não, áp xe nội sọ, ... | |
| 653 | |a Y Đa khoa | ||
| 700 | 1 | |a Lê Đức Hinh | |
| 700 | 1 | |a Nguyễn Hoàng Tuấn | |
| 942 | |2 ddc |c BK | ||
| 952 | |0 0 |1 0 |2 ddc |4 0 |6 616_800000000000000_L561 |7 0 |9 15954 |a 000001 |b 000001 |d 2019-02-28 |o 616.8 L561 |p MD.14609 |r 2019-02-28 |v 24000.00 |w 2019-02-28 |y BK | ||
| 952 | |0 0 |1 0 |2 ddc |4 0 |6 616_800000000000000_L561 |7 0 |9 15955 |a 000001 |b 000001 |d 2019-02-28 |o 616.8 L561 |p MD.14610 |r 2019-02-28 |v 24000.00 |w 2019-02-28 |y BK | ||
| 952 | |0 0 |1 0 |2 ddc |4 0 |6 616_800000000000000_L561 |7 0 |9 15956 |a 000001 |b 000001 |d 2019-02-28 |o 616.8 L561 |p MD.14611 |r 2019-02-28 |v 24000.00 |w 2019-02-28 |y BK | ||
| 952 | |0 0 |1 0 |2 ddc |4 0 |6 616_800000000000000_L561 |7 0 |9 15957 |a 000001 |b 000001 |d 2019-02-28 |o 616.8 L561 |p MD.14612 |r 2019-02-28 |v 24000.00 |w 2019-02-28 |y BK | ||
| 952 | |0 0 |1 0 |2 ddc |4 0 |6 616_800000000000000_L561 |7 0 |9 15958 |a 000001 |b 000001 |d 2019-02-28 |o 616.8 L561 |p MD.14613 |r 2019-02-28 |v 24000.00 |w 2019-02-28 |y BK | ||
| 980 | |a Thư viện Trường Đại học Nam Cần Thơ | ||